00668 2200253 4500001002100000005001700021008004100038020001800079035002400097082001200121090001900133100002400152245004000176250001100216260005100227300003000278500003100308650001600339850001300355980001300368985000600381986001200387999001500399YOGYA-0209000001911920090227022938.0 ind  a979-420-012-3 0010-020900000019119 a636.597 a636.597bSri I aSrigahdono, Bambang aIlmu Unggas AircBambang Srigandono aCet. 2 aYogyakartabGadjah Mada University Perssc1991 axiv, 158 hlmbilusc21 cm aBibliografi : hlm. 149-152 aTernak Itik aYOPDYOGB a06-03-06 a1 aPKL-ATM a95P0057019